000 00515nam a2200205 4500
003 LK-CoMWRAF
005 20231115144505.0
008 230907b2003 |||||||| |||| 00| 0 eng d
020 _a0072818921
040 _aLK-CoMWRAF
_dLK-CoMWRAF
_eLK-CoMWRAF
041 _aeng
082 _a808.04
_bLAN
100 _aLangan, John
245 _aCollege writing skills, Media edition
250 _a5th Edition
260 _aU. S, A, :
_bMcGraw-Hill,
_c2003
300 _a582p
650 _aCollege writing
942 _cCP
999 _c3467
_d3467